| 000 | 00526nam a22001697a 4500 | ||
|---|---|---|---|
| 003 | OSt | ||
| 005 | 20120302144030.0 | ||
| 008 | 090220t xxu||||| |||| 00| 0 eng d | ||
| 035 | _a४०३ | ||
| 040 | _cमराठी | ||
| 100 |
_aसोवनी, रा. वि. _91119 |
||
| 245 | _aपृथ्वीची गोष्ट (वसुंदरेची जीवनकथा ) | ||
| 250 | _a१ ली | ||
| 260 |
_aपुणे _bठोकळ _c१९६१ |
||
| 300 | _b९० पाने | ||
| 942 |
_2ddc _cBOOK |
||
| 999 |
_c486368 _d486365 |
||